Contract Labour Act 1970 (Record no. 3785)

MARC details
000 -LEADER
fixed length control field 00324nam a22001457a 4500
005 - DATE AND TIME OF LATEST TRANSACTION
control field 20180412143132.0
008 - FIXED-LENGTH DATA ELEMENTS--GENERAL INFORMATION
fixed length control field 160624b xxu||||| |||| 00| 0 eng d
041 ## - LANGUAGE CODE
Language code of text/sound track or separate title eng
082 ## - DEWEY DECIMAL CLASSIFICATION NUMBER
Item number 9734
Classification number 348
245 ## - TITLE STATEMENT
Title Contract Labour Act 1970
260 ## - PUBLICATION, DISTRIBUTION, ETC. (IMPRINT)
Name of publisher Law Point
Year of publication 2006
300 ## - PHYSICAL DESCRIPTION
Number of Pages 93
650 ## - SUBJECT ADDED ENTRY--TOPICAL TERM
Topical Term Management
942 ## - ADDED ENTRY ELEMENTS (KOHA)
Koha item type Books
Holdings
Lost status Damaged status Collection code Home library Current library Shelving location Date acquired Cost, normal purchase price Full call number Accession Number Koha item type
    LAW JRU Library JRU Library SHELF-31-C 24/06/2016 85.00 348 9735 Books
    LAW JRU Library JRU Library SHELF-31-C 24/06/2016 85.00 348 9736 Books
    LAW JRU Library JRU Library SHELF-31-C 24/06/2016 85.00 348 9737 Books
    LAW JRU Library JRU Library SHELF-31-C 24/06/2016 85.00 348 9738 Books